The Simpsons - Special Guests by Picture #5 - Statistics

General Stats
  • This quiz has been taken 113 times
    112 since last reset
  • The average score is 7 of 16
Answer Stats
Picture Answer % Correct
Elton John
97%
Bono
87%
James Brown
81%
Conan O'Brien
71%
Penn Jillette
71%
Steven Tyler
70%
Cyndi Lauper
51%
Barry White
50%
Pete Sampras
34%
Ian McKellen
32%
Darryl Strawberry
30%
Tom Arnold
18%
Alex Trebek
15%
Wolfgang Puck
13%
Ed Begley Jr.
9%
Johnny Carson
8%
No matching quizzes found
Score Distribution
Percent of People with Each Score
Percentile by Number Answered
Your Score History
You have not taken this quiz since the last reset